[Event "XXXVI C.to Italiano femminile"]
[Site "Bratto - Castione della Presolana ITA"]
[Date "2009.08.29"]
[Round "9"]
[White "Restifo, Katiuscia"]
[Black "Zanaboni, Alessandra"]
[Result "1-0"]
[WhiteElo "1779"]
[BlackElo "1587"]
[PlyCount "121"]
[EventDate "2009.08.21"]

1. d4 d5 2. Nf3 Nf6 3. e3 e6 4. Bd3 Be7 5. b3 O-O 6. O-O Nbd7 7. Bb2 c5 8. Nbd2
cxd4 9. exd4 b6 10. Ne5 Nxe5 11. dxe5 Nd7 12. Qh5 g6 13. Qh3 Nc5 14. Be2 f6 15.
f4 f5 16. Rad1 Qc7 17. Ba3 Rb8 18. Nf3 Ne4 19. Bxe7 Qxe7 20. Nd4 Qc5 21. Kh1
Nc3 22. Rd2 Nxe2 23. Nxe2 Qa5 24. c3 Ba6 25. Rfd1 Qc5 26. Nd4 Qc8 27. Rc1 b5
28. Rdc2 Qd7 29. b4 Rbc8 30. Nb3 Qe7 31. Qg3 Bb7 32. Nd4 a6 33. a3 Kh8 34. h4
Rg8 35. Qg5 Qxg5 36. hxg5 Rce8 37. g3 Kg7 38. Rh2 Rh8 39. Rh6 Re7 40. Kg2 Kg8
41. Kf2 Kg7 42. Ke3 Kf7 43. Rch1 Kg7 44. Kd2 Bc8 45. Nf3 Ree8 46. Nd4 Bd7 47.
Ra1 Rc8 48. Nb3 Rc7 49. Nc5 Bc8 50. a4 bxa4 51. Rxa4 Rc6 52. Kd3 Re8 53. Kd4
Re7 54. Rh1 Rb6 55. Ra5 Rb5 56. Rha1 Rxa5 57. Rxa5 Kf7 58. Nxa6 Bxa6 59. Rxa6
Rb7 60. Ra5 Rc7 61. Rc5 1-0

[Event "XXXVI C.to Italiano femminile"]
[Site "Bratto - Castione della Presolana ITA"]
[Date "2009.08.29"]
[Round "9"]
[White "Tonel, Giulia"]
[Black "Chierici, Marianna"]
[Result "0-1"]
[WhiteElo "2004"]
[BlackElo "2021"]
[PlyCount "128"]
[EventDate "2009.08.21"]

1. e4 Nf6 2. e5 Nd5 3. d4 d6 4. c4 Nb6 5. exd6 exd6 6. Nc3 Nc6 7. Be3 Bf5 8.
Bd3 Qd7 9. b3 Nb4 10. Bb1 Be7 11. Nge2 O-O 12. O-O c6 13. Ng3 Bxb1 14. Rxb1
Rad8 15. a3 Na6 16. Qf3 d5 17. c5 Nc8 18. Nf5 Bf6 19. Rfe1 Nxc5 20. Nh6+ Kh8
21. Ng4 Ne4 22. Nxe4 dxe4 23. Qxe4 Bxd4 24. Rbd1 c5 25. Ne5 Qd5 26. Bxd4 cxd4
27. Qxd5 Rxd5 28. Nf3 d3 29. Re3 d2 30. Rxd2 Rxd2 31. Nxd2 g6 32. Kf1 Kg7 33.
Ke2 f6 34. Rc3 Nd6 35. a4 Rf7 36. f3 Nf5 37. Nc4 Re7+ 38. Kf2 Rd7 39. g4 Ne7
40. Ne3 Nc6 41. h4 Ne5 42. Kg3 Rd3 43. Rxd3 Nxd3 44. Nc4 Nc5 45. Nd2 f5 46. g5
Kf7 47. Kf4 Ke6 48. Ke3 Ke5 49. f4+ Kd5 50. a5 Ne6 51. Nc4 Kc5 52. Ne5 Kb4 53.
Nd7 Kxb3 54. Nf6 Nf8 55. Kd4 Kb4 56. Ke5 Kxa5 57. Kd6 Kb5 58. Ke7 a5 59. Nd5
Kc5 60. Kxf8 Kxd5 61. Kg7 a4 62. Kxh7 a3 63. Kxg6 a2 64. h5 Ke4 0-1

[Event "XVII C.to Italiano U20"]
[Site "Bratto - Castione della Presolana ITA"]
[Date "2009.08.21"]
[Round "1"]
[White "Bellemo, Davide"]
[Black "Campagnola, Giacomo"]
[Result "1-0"]
[WhiteElo "2092"]
[BlackElo "1821"]
[PlyCount "59"]
[EventDate "2009.08.21"]

1. d4 Nc6 2. c4 d5 3. Nc3 e6 4. Nf3 Nf6 5. Bg5 Bb4 6. e3 h6 7. Bh4 g5 8. Bg3
Ne4 9. Qc2 f5 10. Bd3 O-O 11. Ne5 f4 12. Bxe4 Nxe5 13. dxe5 dxe4 14. Qxe4 Qe7
15. exf4 Bd7 16. Qg6+ Kh8 17. Qxh6+ Kg8 18. Qxg5+ Qxg5 19. fxg5 Bc6 20. O-O Bc5
21. Rad1 Rf5 22. h4 Kg7 23. a3 Rh8 24. b4 Be7 25. Nb5 Kg6 26. Nd4 Rf7 27. Nxe6
Kf5 28. Nd4+ Kg4 29. Nxc6 bxc6 30. Rd4+ 1-0

[Event "XVII C.to Italiano U20"]
[Site "Bratto - Castione della Presolana ITA"]
[Date "2009.08.21"]
[Round "1"]
[White "Caldonazzo, Matteo"]
[Black "De Nardi, Riccardo"]
[Result "1-0"]
[WhiteElo "1802"]
[BlackElo "2077"]
[PlyCount "59"]
[EventDate "2009.08.21"]

1. d4 Nf6 2. c4 g6 3. Nc3 Bg7 4. e4 d6 5. f3 O-O 6. Be3 e5 7. d5 c6 8. Bd3 cxd5
9. cxd5 Nh5 10. Nge2 f5 11. Qd2 f4 12. Bf2 Rf7 13. O-O-O a6 14. Kb1 b5 15. b4
Nd7 16. Nc1 Nb6 17. Nb3 Bd7 18. Na5 Rb8 19. a3 Be8 20. Rc1 Bf8 21. Ne2 Bd7 22.
Rc2 Be7 23. Rhc1 Qf8 24. Nc6 Bxc6 25. dxc6 Na4 26. c7 Rc8 27. Rc6 Bf6 28. Rxa6
Rfxc7 29. Rxc7 Rxc7 30. Bxb5 1-0

[Event "XVII C.to Italiano U20"]
[Site "Bratto - Castione della Presolana ITA"]
[Date "2009.08.21"]
[Round "1"]
[White "Coladangelo, Andrea"]
[Black "Testa, Adriano"]
[Result "0-1"]
[WhiteElo "1885"]
[BlackElo "2142"]
[PlyCount "108"]
[EventDate "2009.08.21"]

1. e4 d5 2. exd5 Qxd5 3. Nc3 Qa5 4. d4 Nf6 5. Nf3 c6 6. Bc4 Bf5 7. Bd2 e6 8.
O-O Bb4 9. a3 Bxc3 10. Bxc3 Qc7 11. Qe2 O-O 12. Ne5 Nbd7 13. Rfe1 Rad8 14. Bb3
h6 15. Rad1 Be4 16. f3 Bh7 17. Nxf7 Rxf7 18. Bxe6 Nf8 19. Bxf7+ Qxf7 20. Qe7
Rd7 21. Qxf7+ Kxf7 22. Rd2 Ne6 23. Red1 Nd5 24. Kf2 b6 25. g3 Nec7 26. Re2 Nxc3
27. bxc3 Nb5 28. Ra1 Nxc3 29. Rd2 Nb5 30. a4 Rxd4 31. Rxd4 Nxd4 32. a5 Nxc2 33.
axb6 axb6 34. Ra6 Bd3 35. Rxb6 Bb5 36. Rb7+ Kf6 37. f4 Nd4 38. Rc7 Bc4 39. Ke3
Nf5+ 40. Kd2 Ne7 41. g4 Bd5 42. h4 g6 43. h5 gxh5 44. gxh5 Bf3 45. Rd7 Ke6 46.
Rd8 Bxh5 47. Rh8 Nf5 48. Kd3 Bf7 49. Rc8 Ne7 50. Rc7 Bg6+ 51. Kd4 Kd6 52. Ra7
h5 53. Ra1 Nd5 54. Rf1 c5+ 0-1

[Event "XVII C.to Italiano U20"]
[Site "Bratto - Castione della Presolana ITA"]
[Date "2009.08.21"]
[Round "1"]
[White "Delledonne, Francesco"]
[Black "De Filomeno, Simone"]
[Result "0-1"]
[WhiteElo "1936"]
[BlackElo "2221"]
[PlyCount "69"]
[EventDate "2009.08.21"]

1. d4 d5 2. c4 e6 3. Nf3 Nf6 4. g3 dxc4 5. Qa4+ Nbd7 6. Bg2 c5 7. Qxc4 Nb6 8.
Qd3 c4 9. Qc2 Bd7 10. Ne5 Bb4+ 11. Nc3 Ba4 12. Qd2 Qe7 13. O-O O-O 14. e3 Rfc8
15. Qe2 Be8 16. Bd2 a5 17. Rfc1 Ra7 18. a3 Bxc3 19. Bxc3 Bb5 20. Qd2 Rca8 21.
h3 Nfd5 22. e4 Nxc3 23. bxc3 Ba4 24. f4 Bb3 25. f5 Rd8 26. Rf1 f6 27. fxe6 fxe5
28. Rf7 Qxe6 29. Qg5 Kxf7 30. Qxd8 Ra8 31. Rf1+ Kg6 32. Qh4 Nd7 33. Rf5 h6 34.
Bf3 exd4 35. Qg4+ 0-1

[Event "XVII C.to Italiano U20"]
[Site "Bratto - Castione della Presolana ITA"]
[Date "2009.08.21"]
[Round "1"]
[White "Fiducioso, Marco"]
[Black "De Bortoli, Thomas"]
[Result "1-0"]
[WhiteElo "2122"]
[BlackElo "1870"]
[PlyCount "67"]
[EventDate "2009.08.21"]

1. c4 f5 2. Nc3 Nf6 3. g3 e6 4. Bg2 d6 5. d4 Be7 6. Nf3 O-O 7. O-O Qe8 8. Re1
Ne4 9. Qd3 Qg6 10. Bf4 c6 11. Nd2 e5 12. Ndxe4 exf4 13. Nd2 fxg3 14. fxg3 Qh6
15. e3 Nd7 16. Nf3 Bd8 17. Rf1 Nf6 18. Rae1 Ne4 19. a3 Be6 20. d5 Nc5 21. Qc2
Bf7 22. Nd4 g6 23. b4 Nd7 24. dxc6 Ne5 25. cxb7 Rb8 26. Bd5 Nxc4 27. Bxf7+ Rxf7
28. Nd5 Nb6 29. Nc6 Nxd5 30. Nxb8 Bb6 31. Nd7 Rxd7 32. b8=Q+ Rd8 33. Qxd8+ Bxd8
34. Qc4 1-0

[Event "XVII C.to Italiano U20"]
[Site "Bratto - Castione della Presolana ITA"]
[Date "2009.08.21"]
[Round "1"]
[White "Gallana, Marco"]
[Black "Bonafede, Alessandro"]
[Result "0-1"]
[WhiteElo "1980"]
[BlackElo "2288"]
[PlyCount "50"]
[EventDate "2009.08.21"]

1. d4 Nf6 2. c4 d6 3. Nc3 e5 4. dxe5 dxe5 5. Qxd8+ Kxd8 6. Bg5 c6 7. O-O-O+ Kc7
8. Nf3 Nbd7 9. h3 Bb4 10. Bxf6 gxf6 11. Ne4 f5 12. Ng3 f4 13. Ne4 h6 14. g4
fxg3 15. Nxg3 Re8 16. Nh4 Nb6 17. e3 Be6 18. b3 a5 19. a4 Nd7 20. Bd3 Nc5 21.
Bc2 b5 22. Nhf5 bxa4 23. bxa4 Rab8 24. Nd6 Ba3+ 25. Kd2 Kxd6 0-1

[Event "XVII C.to Italiano U20"]
[Site "Bratto - Castione della Presolana ITA"]
[Date "2009.08.21"]
[Round "1"]
[White "Gallucci, Alessio"]
[Black "Mereu, Matteo"]
[Result "1-0"]
[WhiteElo "2240"]
[BlackElo "1964"]
[PlyCount "93"]
[EventDate "2009.08.21"]

1. e4 e5 2. d4 Nf6 3. dxe5 Nxe4 4. Bc4 Qe7 5. Qe2 f5 6. Nd2 Nc6 7. Ngf3 b5 8.
Bd5 Qc5 9. Bxe4 fxe4 10. Nxe4 Qc4 11. Qxc4 bxc4 12. c3 Rb8 13. O-O Be7 14. Rb1
O-O 15. Bg5 Bxg5 16. Nexg5 h6 17. Ne4 Rxf3 18. gxf3 Nxe5 19. Nd2 Bb7 20. Rfe1
d6 21. Re3 Rf8 22. b3 cxb3 23. axb3 Rf5 24. Ra1 a6 25. Ra4 Rg5+ 26. Kf1 Rh5 27.
Kg1 Rg5+ 28. Kf1 Rh5 29. h4 Rf5 30. Ke2 Kf7 31. c4 c5 32. Ne4 Ke6 33. Ra1 Kd7
34. Rd1 Bxe4 35. fxe4 Rf4 36. Rg1 Ng4 37. Reg3 h5 38. f3 Ne5 39. Ke3 Rxh4 40.
Rxg7+ Ke6 41. Ke2 Rh3 42. Rf1 Rh2+ 43. Rf2 Rh1 44. f4 Ng4 45. f5+ Ke5 46. f6
Rb1 47. Rxg4 1-0

[Event "XVII C.to Italiano U20"]
[Site "Bratto - Castione della Presolana ITA"]
[Date "2009.08.21"]
[Round "1"]
[White "Palmitessa, Andrea"]
[Black "Paltrinieri, Nicholas"]
[Result "1-0"]
[WhiteElo "1796"]
[BlackElo "1998"]
[PlyCount "139"]
[EventDate "2009.08.21"]

1. e4 d5 2. exd5 Qxd5 3. Nc3 Qd6 4. Nf3 Nf6 5. d4 Bg4 6. Be2 e6 7. Be3 Nc6 8.
O-O Be7 9. Nb5 Qd7 10. Ne5 Nxe5 11. dxe5 Bxe2 12. Qxe2 Nd5 13. Rfd1 a6 14. Nd4
O-O-O 15. Nf3 Qc6 16. Bg5 Rhe8 17. c3 f6 18. exf6 gxf6 19. Bh4 e5 20. Qe4 Qe6
21. Bg3 h5 22. Nd4 Qf7 23. Qf5+ Kb8 24. Bxe5 Bc5 25. Bg3 Bxd4 26. Rxd4 Re2 27.
h3 h4 28. Bxh4 Re5 29. Qf3 Rde8 30. Bg3 Rg5 31. Rad1 Nb6 32. b3 Qe7 33. Bh4 Rg6
34. c4 Ka7 35. a4 Qc5 36. Rf4 Reg8 37. g4 Rh6 38. Bxf6 Rh7 39. Bd4 Qh5 40.
Bxb6+ cxb6 41. Rd3 Qg6 42. Rf6 Qg5 43. Rf7 Rxf7 44. Qxf7 Qc1+ 45. Kg2 Qc2 46.
Qf3 Rf8 47. Qxf8 Qxd3 48. Qf3 Qg6 49. h4 Qh6 50. h5 Qg7 51. Kh3 Qe7 52. h6 Qe1
53. g5 Qf1+ 54. Kh4 Qg1 55. Kh5 Qh2+ 56. Kg6 Qd6+ 57. Qf6 Qd3+ 58. Kg7 Qd7+ 59.
Kh8 Qe8+ 60. Kh7 Qd7+ 61. Qg7 Qd3+ 62. g6 Qd6 63. Qf7 b5 64. cxb5 a5 65. f4 Ka8
66. g7 Qd3+ 67. f5 Ka7 68. g8=Q Qd4 69. Qgg7 Qe4 70. Qxb7+ 1-0

[Event "XVII C.to Italiano U20"]
[Site "Bratto - Castione della Presolana ITA"]
[Date "2009.08.21"]
[Round "1"]
[White "Pascucci, Marco"]
[Black "Valbusa, Lorenzo"]
[Result "1-0"]
[WhiteElo "2008"]
[BlackElo "1749"]
[PlyCount "53"]
[EventDate "2009.08.21"]

1. d4 f5 2. Nc3 Nf6 3. Bg5 e6 4. Qd2 Be7 5. f3 b6 6. e4 Nxe4 7. Bxe7 Nxd2 8.
Bxd8 Nxf1 9. Bg5 h6 10. Bc1 Nc6 11. Nge2 Nb4 12. Kd1 Nxh2 13. Rxh2 Ba6 14. a4
O-O 15. Bf4 c6 16. Bd6 Rac8 17. Bxb4 c5 18. Ba3 Bxe2+ 19. Nxe2 cxd4 20. Nxd4
Rc4 21. c3 Rxa4 22. b3 Ra5 23. Bb2 Re5 24. c4 a5 25. Kd2 Rc8 26. Ba3 Rc7 27.
Nb5 1-0

[Event "XVII C.to Italiano U20"]
[Site "Bratto - Castione della Presolana ITA"]
[Date "2009.08.21"]
[Round "1"]
[White "Rombaldoni, Brian"]
[Black "Codenotti, Marco"]
[Result "1/2-1/2"]
[WhiteElo "1831"]
[BlackElo "2117"]
[PlyCount "54"]
[EventDate "2009.08.21"]

1. b3 d5 2. Bb2 Bg4 3. Nf3 Bxf3 4. exf3 c5 5. d4 cxd4 6. Qxd4 Nc6 7. Bb5 Qa5+
8. Nc3 e6 9. O-O Nf6 10. Rfe1 Bb4 11. Bxc6+ bxc6 12. a3 Bd6 13. b4 Qc7 14. Qh4
Be7 15. Qg5 O-O 16. Na4 Ne8 17. Qe3 Bf6 18. Bxf6 Nxf6 19. Nc5 Nd7 20. Nxd7 Qxd7
21. c4 a5 22. Qc5 Qa7 23. cxd5 axb4 24. Qxa7 Rxa7 25. dxc6 bxa3 26. Re3 Rb8 27.
c7 Rxc7 1/2-1/2

[Event "XVII C.to Italiano U20"]
[Site "Bratto - Castione della Presolana ITA"]
[Date "2009.08.21"]
[Round "1"]
[White "Stella, Andrea"]
[Black "Stella, Luca"]
[Result "1-0"]
[WhiteElo "2301"]
[BlackElo "1987"]
[PlyCount "89"]
[EventDate "2009.08.21"]

1. d4 Nf6 2. c4 g6 3. Nf3 Bg7 4. b4 O-O 5. Bb2 d5 6. e3 c6 7. Nbd2 Bg4 8. Bd3
Nbd7 9. Qc2 Re8 10. h3 Bxf3 11. Nxf3 dxc4 12. Bxc4 Nd5 13. Qb3 N7b6 14. Be2 Qd6
15. a3 Rad8 16. O-O Qb8 17. a4 Qd6 18. a5 Nd7 19. Bc4 e6 20. Rfe1 a6 21. e4 Ne7
22. Rad1 h6 23. g3 Qc7 24. Kg2 Qd6 25. h4 Kh8 26. Bc3 Kh7 27. Qb1 Kh8 28. Qc1
Kg8 29. Ba2 Qc7 30. Bd2 Kh7 31. d5 exd5 32. exd5 Nf6 33. Bf4 Qc8 34. dxc6 Nxc6
35. Rxe8 Rxe8 36. Bxf7 Re7 37. Ne5 Rxe5 38. Bxe5 Qf5 39. Bxf6 Qxf6 40. Qf4 Qe7
41. h5 gxh5 42. Qf5+ Kh8 43. Rd7 Qf8 44. Be6 Qxb4 45. Bg8 1-0

[Event "XVII C.to Italiano U20"]
[Site "Bratto - Castione della Presolana ITA"]
[Date "2009.08.21"]
[Round "1"]
[White "Xia, Jie"]
[Black "Sorbera, Giovanni"]
[Result "0-1"]
[WhiteElo "2206"]
[BlackElo "1917"]
[PlyCount "66"]
[EventDate "2009.08.21"]

1. d4 Nf6 2. Nc3 d5 3. g3 Bf5 4. Bg2 e6 5. Nf3 h6 6. O-O Be7 7. Na4 Nbd7 8. b3
O-O 9. c4 c6 10. Bb2 b5 11. cxb5 cxb5 12. Nc3 Qb6 13. Ne5 Nxe5 14. dxe5 Ne4 15.
Nxe4 dxe4 16. e3 Rfd8 17. Qb1 Rd3 18. g4 Bg6 19. Rd1 Rad8 20. Qc2 Bb4 21. a3
Be7 22. Bf1 Qb7 23. Rac1 Qd5 24. Bxd3 exd3 25. Qc6 Qxb3 26. Bd4 Bxa3 27. Rb1
Qc2 28. Qxb5 Qe2 29. Qc6 Rd5 30. Qc3 Qf3 31. Rxd3 Be4 32. Rb8+ Kh7 33. Kf1 Qh1+
0-1

[Event "XVII C.to Italiano U20"]
[Site "Bratto - Castione della Presolana ITA"]
[Date "2009.08.22"]
[Round "2"]
[White "Bonafede, Alessandro"]
[Black "Fiducioso, Marco"]
[Result "1/2-1/2"]
[WhiteElo "2288"]
[BlackElo "2122"]
[PlyCount "80"]
[EventDate "2009.08.21"]

1. e4 e6 2. d3 d5 3. Nd2 Nf6 4. g3 dxe4 5. dxe4 Nc6 6. Bg2 Bc5 7. Ngf3 O-O 8.
O-O e5 9. Qe2 Qe7 10. c3 Bg4 11. b4 Bb6 12. Nc4 Rfd8 13. h3 Be6 14. a4 a6 15.
Nxb6 cxb6 16. Be3 Nxe4 17. Bxb6 Nxc3 18. Qb2 Qxb4 19. Qxb4 Nxb4 20. Bxd8 Rxd8
21. Kh2 f6 22. Ra3 Nd1 23. Ra1 Nc3 24. Rfc1 Nba2 25. Rc2 b5 26. axb5 axb5 27.
Rb2 b4 28. Nd2 Kf8 29. Nb3 Bxb3 30. Rxb3 Rd2 31. Kg1 Ne2+ 32. Kf1 Nec1 33. Re3
b3 34. Ke1 Rd4 35. Rb1 Nd3+ 36. Kf1 b2 37. Be4 Nac1 38. Bxh7 Kf7 39. Bxd3 Nxd3
40. Rxd3 Rxd3 1/2-1/2

[Event "XVII C.to Italiano U20"]
[Site "Bratto - Castione della Presolana ITA"]
[Date "2009.08.22"]
[Round "2"]
[White "Caldonazzo, Matteo"]
[Black "Bellemo, Davide"]
[Result "0-1"]
[WhiteElo "1802"]
[BlackElo "2092"]
[PlyCount "110"]
[EventDate "2009.08.21"]

1. d4 d5 2. Nf3 Nf6 3. c4 e6 4. e3 c6 5. Nc3 Nbd7 6. Bd3 dxc4 7. Bxc4 b5 8. Bd3
a6 9. O-O c5 10. Ne5 Qb6 11. Nxd7 Bxd7 12. dxc5 Bxc5 13. Ne4 Be7 14. Bd2 Bc6
15. Nxf6+ Bxf6 16. Bc3 Bxc3 17. bxc3 Qc5 18. Qe2 O-O 19. Rad1 Rfd8 20. Qc2 g6
21. Be2 Bd5 22. Rc1 Bc4 23. Bxc4 Qxc4 24. Rfd1 Rxd1+ 25. Rxd1 Rc8 26. h3 b4 27.
Rd4 Qxc3 28. Qxc3 bxc3 29. Rd1 Rb8 30. Rc1 Rb2 31. Rxc3 Rxa2 32. Rc7 a5 33. g4
g5 34. Ra7 a4 35. Kg2 a3 36. Ra5 h6 37. Ra7 Ra1 38. Kg3 a2 39. Kg2 Kg7 40. Ra5
Kf6 41. Kh2 Ke7 42. Ra6 f5 43. Kg2 f4 44. e4 Kd7 45. Kf3 Kc7 46. Kg2 Kb7 47.
Ra3 Kb6 48. Kf3 Kb5 49. Ra8 Kc4 50. Rc8+ Kd3 51. Rd8+ Kc2 52. Rc8+ Kd2 53. Rd8+
Ke1 54. Ra8 Kf1 55. Ra7 Rc1 0-1

[Event "XVII C.to Italiano U20"]
[Site "Bratto - Castione della Presolana ITA"]
[Date "2009.08.22"]
[Round "2"]
[White "Campagnola, Giacomo"]
[Black "Xia, Jie"]
[Result "0-1"]
[WhiteElo "1821"]
[BlackElo "2206"]
[PlyCount "56"]
[EventDate "2009.08.21"]

1. e4 c5 2. Nc3 Nc6 3. g3 g6 4. Bg2 Bg7 5. d3 e6 6. Be3 d6 7. Qd2 Nd4 8. f4 Ne7
9. Nf3 Nec6 10. e5 dxe5 11. Ne4 O-O 12. O-O f5 13. Neg5 exf4 14. gxf4 h6 15.
Nh3 Nxf3+ 16. Rxf3 Bxb2 17. Raf1 Bd4 18. Kh1 Qf6 19. Rg3 Ne7 20. Bf3 Rf7 21.
Rfg1 Rg7 22. Bxd4 cxd4 23. Qa5 Bd7 24. Qc7 Bc6 25. Bxc6 Nxc6 26. Qxg7+ Kxg7 27.
Rxg6+ Qxg6 28. Rxg6+ Kxg6 0-1

[Event "XVII C.to Italiano U20"]
[Site "Bratto - Castione della Presolana ITA"]
[Date "2009.08.22"]
[Round "2"]
[White "Codenotti, Marco"]
[Black "Palmitessa, Andrea"]
[Result "1-0"]
[WhiteElo "2117"]
[BlackElo "1796"]
[PlyCount "77"]
[EventDate "2009.08.21"]

1. e4 e5 2. Nf3 Nc6 3. Bb5 a6 4. Ba4 b5 5. Bb3 Nf6 6. d4 d6 7. Ng5 exd4 8. Nxf7
Qe7 9. Nxh8 Be6 10. O-O Bxb3 11. axb3 Qe6 12. Nd2 Be7 13. Nf3 Kf8 14. Ng5 Qd7
15. Nxh7+ Nxh7 16. Ng6+ Kg8 17. Qh5 Qe6 18. Qd5 Qxd5 19. exd5 Kf7 20. Nf4 Ne5
21. Ne6 Ra7 22. Nxd4 Nf6 23. f4 Ned7 24. Nxb5 Rb7 25. Nc3 Nb6 26. Rd1 Nfd7 27.
Be3 Bf6 28. Bd4 Bxd4+ 29. Rxd4 Rb8 30. Rxa6 Nf6 31. Ra7 Rc8 32. Nb5 Ne8 33. c4
Nd7 34. b4 Ndf6 35. c5 Kg6 36. h3 dxc5 37. bxc5 Rb8 38. Nxc7 Nxc7 39. Rxc7 1-0

[Event "XVII C.to Italiano U20"]
[Site "Bratto - Castione della Presolana ITA"]
[Date "2009.08.22"]
[Round "2"]
[White "De Bortoli, Thomas"]
[Black "Delledonne, Francesco"]
[Result "1-0"]
[WhiteElo "1870"]
[BlackElo "1936"]
[PlyCount "86"]
[EventDate "2009.08.21"]

1. e4 e6 2. d4 d5 3. Nc3 Bb4 4. a3 Bxc3+ 5. bxc3 dxe4 6. Qg4 Nf6 7. Qxg7 Rg8 8.
Qh6 Rg6 9. Qd2 Nc6 10. Bb2 Bd7 11. O-O-O Ne7 12. Ne2 Bc6 13. Nf4 Rg8 14. c4 Qd6
15. d5 exd5 16. c5 Qxc5 17. Bxf6 Qxa3+ 18. Bb2 Qd6 19. Nh5 Rg6 20. g3 O-O-O 21.
Nf4 Rgg8 22. Qc3 Ng6 23. Bh3+ Kb8 24. Nh5 b6 25. Nf6 d4 26. Rxd4 Qxf6 27. Rxd8+
Qxd8 28. Qxc6 Qg5+ 29. Kb1 f5 30. Bf6 Qh5 31. Bf1 Qd1+ 32. Kb2 Qd6 33. Qxd6
cxd6 34. Bc4 Rc8 35. Be6 Rc5 36. h4 Ne5 37. h5 Ng4 38. Bd4 Rb5+ 39. Kc3 h6 40.
Ra1 a5 41. Bd7 Rb4 42. Bxf5 Ne5 43. Bxe5 dxe5 1-0

[Event "XVII C.to Italiano U20"]
[Site "Bratto - Castione della Presolana ITA"]
[Date "2009.08.22"]
[Round "2"]
[White "De Filomeno, Simone"]
[Black "Pascucci, Marco"]
[Result "0-1"]
[WhiteElo "2221"]
[BlackElo "2008"]
[PlyCount "88"]
[EventDate "2009.08.21"]

1. e4 e6 2. d4 d5 3. Nc3 dxe4 4. Nxe4 Nd7 5. Nf3 Ngf6 6. Bg5 Be7 7. Nxf6+ Bxf6
8. h4 O-O 9. Bd3 c5 10. Qe2 cxd4 11. Qe4 g6 12. b4 Qb6 13. Rb1 Bg7 14. h5 f5
15. Qh4 Kf7 16. O-O h6 17. hxg6+ Kxg6 18. Be7 Rf7 19. g4 Bf6 20. gxf5+ exf5 21.
Qg4+ Kh7 22. Qxf5+ Kh8 23. Bxf6+ Qxf6 24. Qxf6+ Nxf6 25. Ne5 Rg7+ 26. Kh1 b6
27. Rg1 Ng4 28. Nxg4 Bxg4 29. f4 Re8 30. Rbe1 Re3 31. Rxe3 dxe3 32. Re1 Bf3+
33. Kh2 e2 34. Kh3 Rg2 35. c4 Kg7 36. c5 bxc5 37. bxc5 Kf6 38. Bb5 Kf5 39. Bd7+
Kxf4 40. c6 Rg5 41. Be8 Ke3 42. Rb1 Kf2 43. Rb2 Kf1 44. c7 Bg4+ 0-1

[Event "XVII C.to Italiano U20"]
[Site "Bratto - Castione della Presolana ITA"]
[Date "2009.08.22"]
[Round "2"]
[White "De Nardi, Riccardo"]
[Black "Rombaldoni, Brian"]
[Result "1-0"]
[WhiteElo "2077"]
[BlackElo "1831"]
[PlyCount "57"]
[EventDate "2009.08.21"]

1. d4 c6 2. Nf3 d5 3. Bf4 Nf6 4. e3 Bg4 5. Be2 e6 6. O-O Bd6 7. Ne5 Bxe2 8.
Qxe2 O-O 9. Nd2 Qc7 10. c4 Nbd7 11. Nxd7 Nxd7 12. Bxd6 Qxd6 13. c5 Qc7 14. b4
e5 15. dxe5 Nxe5 16. e4 Rad8 17. f4 Ng6 18. f5 Ne5 19. f6 gxf6 20. Rxf6 Ng6 21.
Rf5 Qd7 22. Raf1 Rde8 23. Qd3 Re5 24. h4 Rxf5 25. exf5 Ne7 26. f6 Ng6 27. h5
Ne5 28. Qg3+ Ng4 29. Rf4 1-0

[Event "XVII C.to Italiano U20"]
[Site "Bratto - Castione della Presolana ITA"]
[Date "2009.08.22"]
[Round "2"]
[White "Mereu, Matteo"]
[Black "Paltrinieri, Nicholas"]
[Result "1-0"]
[WhiteElo "1964"]
[BlackElo "1998"]
[PlyCount "53"]
[EventDate "2009.08.21"]

1. e4 d5 2. d4 dxe4 3. Nc3 Nf6 4. f3 exf3 5. Nxf3 Bf5 6. Bc4 e6 7. Qe2 Be7 8.
Be3 c6 9. a4 Nbd7 10. O-O O-O 11. Rad1 Nb6 12. Bd3 Bxd3 13. Rxd3 Qc7 14. Ne5
Bd6 15. Bh6 Ne8 16. Bd2 f6 17. Ng4 Qd7 18. Rh3 Nc7 19. Qf2 Qf7 20. Ne4 Be7 21.
Qh4 h5 22. Nexf6+ Bxf6 23. Rxf6 Qe8 24. Nh6+ Kh8 25. Nf7+ Qxf7 26. Rxf7 Kg8 27.
Qxh5 1-0

[Event "XVII C.to Italiano U20"]
[Site "Bratto - Castione della Presolana ITA"]
[Date "2009.08.22"]
[Round "2"]
[White "Sorbera, Giovanni"]
[Black "Stella, Andrea"]
[Result "0-1"]
[WhiteElo "1917"]
[BlackElo "2301"]
[PlyCount "73"]
[EventDate "2009.08.21"]

1. e4 e6 2. d4 d5 3. Nc3 Bb4 4. Nge2 dxe4 5. a3 Bxc3+ 6. Nxc3 Nc6 7. Bb5 Nge7
8. Bg5 O-O 9. Bxc6 bxc6 10. Nxe4 f6 11. Bc1 Qd5 12. Qd3 Nf5 13. Be3 Ba6 14.
Nxf6+ Rxf6 15. Qxa6 Qxg2 16. O-O-O Nxe3 17. fxe3 Rf2 18. Qd3 Raf8 19. h4 Re2
20. Rhe1 Rff2 21. Rxe2 Rxe2 22. Qc3 Qe4 23. Rd3 Rh2 24. Qb3 h5 25. Qb8+ Kh7 26.
b4 Rxh4 27. Qxc7 Rh1+ 28. Kb2 h4 29. Qxa7 h3 30. Qf7 Qf5 31. Qxf5+ exf5 32. a4
h2 33. a5 Re1 34. e4 h1=Q 35. e5 Rb1+ 36. Kc3 Qe1+ 37. Rd2 0-1

[Event "XVII C.to Italiano U20"]
[Site "Bratto - Castione della Presolana ITA"]
[Date "2009.08.22"]
[Round "2"]
[White "Stella, Luca"]
[Black "Coladangelo, Andrea"]
[Result "1/2-1/2"]
[WhiteElo "1987"]
[BlackElo "1885"]
[PlyCount "78"]
[EventDate "2009.08.21"]

1. e4 c5 2. Nf3 Nf6 3. d3 d6 4. g3 g6 5. Bg2 Bg7 6. O-O O-O 7. Nc3 Nc6 8. h3
Rb8 9. Be3 e5 10. Qd2 Nd4 11. Kh2 b5 12. Ne2 b4 13. Nfxd4 cxd4 14. Bh6 Be6 15.
Bxg7 Kxg7 16. f4 h6 17. Rf2 Rb6 18. Raf1 Bd7 19. Ng1 Qc7 20. Nf3 a5 21. Nh4 a4
22. Rf3 Qd8 23. Kh1 Nh5 24. Qf2 f6 25. f5 g5 26. Ng6 Rg8 27. g4 Nf4 28. Nxf4
gxf4 29. h4 a3 30. b3 Kf7 31. Bh3 Rc6 32. Qe2 Qc7 33. R3f2 Ke7 34. Bg2 Rh8 35.
Bf3 Rc3 36. Rg1 Bb5 37. Rgg2 Qd7 38. Qd2 Qe8 39. Rh2 Qf7 1/2-1/2

[Event "XVII C.to Italiano U20"]
[Site "Bratto - Castione della Presolana ITA"]
[Date "2009.08.22"]
[Round "2"]
[White "Testa, Adriano"]
[Black "Gallucci, Alessio"]
[Result "1-0"]
[WhiteElo "2142"]
[BlackElo "2240"]
[PlyCount "39"]
[EventDate "2009.08.21"]

1. e4 c5 2. Nf3 d6 3. d4 cxd4 4. Qxd4 a6 5. c4 Nc6 6. Qd2 g6 7. b3 Nf6 8. Nc3
Bg7 9. Bb2 O-O 10. h3 Qa5 11. Bd3 Nb4 12. Bb1 b5 13. Nd5 Nxe4 14. Nxe7+ Kh8 15.
Bxg7+ Kxg7 16. Bxe4 Bb7 17. O-O Bxe4 18. Qd4+ f6 19. Qxe4 Rae8 20. a3 1-0

[Event "XVII C.to Italiano U20"]
[Site "Bratto - Castione della Presolana ITA"]
[Date "2009.08.22"]
[Round "2"]
[White "Valbusa, Lorenzo"]
[Black "Gallana, Marco"]
[Result "0-1"]
[WhiteElo "1749"]
[BlackElo "1980"]
[PlyCount "68"]
[EventDate "2009.08.21"]

1. e4 c6 2. d4 d5 3. Nc3 dxe4 4. Nxe4 Bf5 5. Ng3 Bg6 6. Nf3 Nd7 7. Bd3 Ngf6 8.
h4 e6 9. h5 Bxd3 10. Qxd3 h6 11. Be3 Qc7 12. O-O-O Bd6 13. Ne2 O-O-O 14. g3 Kb8
15. Nc3 Rhe8 16. Ne4 Nxe4 17. Qxe4 Nf6 18. Qh4 Kc8 19. c4 Qa5 20. Kb1 Qf5+ 21.
Ka1 Qxf3 22. d5 exd5 23. cxd5 cxd5 24. Bxa7 Re4 25. Qh3+ Kc7 26. Rxd5 Nxd5 27.
Qf1 Ra8 28. Be3 Rea4 29. Qc1+ Kd7 30. a3 Be5 31. Ka2 Qe2 32. Bd2 Qc4+ 33. Qxc4
Rxc4 34. Rd1 Rc2 0-1